书目信息 |
| 题名: |
委内瑞拉史
|
|
| 作者: | 吉利尔·莫隆 著 ;约翰斯特里特 编译 ;吉林大学外语系翻译组 译 | |
| 分册: | ||
| 出版信息: | 长春 吉林人民出版社 1973.07 |
|
| 页数: | 469页 | |
| 开本: | 20cm | |
| 丛书名: | ||
| 单 册: | ||
| 中图分类: | K774 | |
| 科图分类: | ||
| 主题词: | 南美洲--历史 | |
| 电子资源: | ||
| ISBN: | ||
| 000 | 00851nam0 2200265 45 | |
| 001 | 0212161401 | |
| 005 | 20031219104102.3 | |
| 010 | @dCNY1.30 | |
| 091 | @a11091.14 | |
| 100 | @a20021216d1973 km y0chiy0120 ea | |
| 101 | 0 | @achi |
| 105 | @a z 000yy | |
| 200 | 1 | @a委内瑞拉史@AWei Nei Rui La Shi@f(委)吉利尔·莫隆著@F(Wei)Ji Li Er·Mo Long Zhu@g(英)约翰斯特里特编译@g吉林大学外语系翻译组译 |
| 210 | @a长春@c吉林人民出版社@d1973.07 | |
| 215 | @a469页@d20cm | |
| 300 | @a内部读物 | |
| 300 | @a附录:地名中外文对照表 | |
| 300 | @a根据伦敦乔治·昂温有限公司1964年版译出 | |
| 606 | 0 | @a南美洲@x历史 |
| 690 | @aK774@v3 | |
| 701 | 0 | @a吉利尔·莫隆@4著 |
| 702 | 0 | @a约翰斯特里特@AYue Han Si Te Li Te@4编译 |
| 712 | 02 | @a吉林大学外语系翻译组@AJi Lin Da Xue Wai Yu Xi Fan Yi Zu@4译 |
| 801 | @aCN@bTSTC@c20021216 | |
| 905 | @f1@b219217@dK774@e5 | |
| 委内瑞拉史/(委)吉利尔·莫隆著/(英)约翰斯特里特编译/吉林大学外语系翻译组译.-长春:吉林人民出版社,1973.07 |
| 469页;20cm |
| 内部读物.-附录:地名中外文对照表.-根据伦敦乔治·昂温有限公司1964年版译出 |
| ISBN :CNY1.30 |
| ● |
| 相关链接 |
|
|
|
|
正题名:委内瑞拉史
索取号:K774/5
 
预约/预借
| 序号 | 登录号 | 条形码 | 馆藏地/架位号 | 状态 | 备注 |
| 1 | 0219217 | 001737151 | 第二样本阅览室/ [索取号:K774/5] | 在馆 |